| 000 | 08828njm0a2200589 4500 | ||
|---|---|---|---|
| 001 | RU\NLR\ONIZ\303334 | ||
| 005 | 20250708194021.0 | ||
| 035 | _a(NLR Aleph) 022106679 | ||
| 071 | 0 | 0 | _aА10 00077-8 008 |
| 090 |
_a13285618 _c13285618 |
||
| 100 | _a20231221d1984 |||y0rusy50 ca | ||
| 102 | _aRU | ||
| 126 |
_aabbxexu ux _bxxx |
||
| 127 | _a003400 | ||
| 200 | 1 |
_aЕлена Образцова в венской классической оперетте _bЗвукозапись |
|
| 203 |
_aМузыка _bисполнительская _cаудио |
||
| 210 |
_aМосква _cМелодия _d1984 _g"Грамзапись" _eМосква |
||
| 215 |
_a1 грп. [ГОСТ 5289-80] (34 мин) : 33 об/мин, стерео _d30 см, в конв |
||
| 300 | _aЗапись 1983 г. (цифровая) | ||
| 327 | 1 |
_a1. Хор из интродукции : ("Мартин-рудокоп") / К. Целлер. _a2. Дуэт Анжели и Рене : ("Граф Люксембург") / Ф. Легар. _a3. Песня Мартина с хором : ("Мартин-рудокоп") / К. Целлер. _a4. Дуэт Ганны и Данилы : ("Весёлая вдова") / Ф. Легар. _a5. Дуэт Саффи и Баринкая : ("Цыганский барон") / И. Штраус. _a6. Сцена и песня Ганны с хором : ("Весёлая вдова") / Ф. Легар ; _a7. Дуэт Анжели и Рене : ("Граф Люксембург") / Ф. Легар. _a8. Песня Адама с хором : ("Продавец птиц") / К. Целлер ; исполняют: Е. Образцова (2-8), И. Морозов, баритон (2, 4, 5, 7), Академический Большой хор Центрального телевидения и Всесоюзного радио, художественный руководитель Л. Ермакова (1, 3, 5, 6, 8), Большой симфонический оркестр Центрального телевидения и Всесоюзного радио, дирижёр А. Жюрайтис (1-8) |
|
| 464 | 0 |
_12001#$aХор из интродукции$e("Мартин-рудокоп")$fК. Целлер _150000$aМартин-рудокоп$iХор из интродукции$bЗвукозапись$lоперетта$rоркестр$rхор _1700#1$9z01790$aЦеллер$bК.$gКарл$f1842-1898$4230$7ca _1790#1$9z01700$aZeller$bC.$gCarl Adam Johann Nepomuk$f1842-1898$4230$7ba _tХор из интродукции _aЦеллер, Карл (1842-1898) |
|
| 464 | 0 |
_12001#$aДуэт Анжели и Рене$e("Граф Люксембург", № 8)$fФ. Легар$gпартия Рене: И. Морозов, баритон _150000$aГраф Люксембург$iДуэт Анжели и Рене № 8$bЗвукозапись$lоперетта$rбаритон$rмеццо-сопрано$rоркестр _1700#1$9z01790$aЛегар$bФ.$gФеренц (Франц)$f1870 - 1948$4230$7ca _1702#1$9z02790$aМорозов$bИ. А.$gИгорь Анатольевич$cбаритон$f1948-$4590$4vbr$7ca _1790#1$9z01700$aLehár$bF.$gFranz$f1870-1948$4230$7ba _1790#1$9z02702$aMorozov$bI.$gIgor`$cbaritone$f1948-$4590$4vbr$7ba _tДуэт Анжели и Рене _aЛегар, Ференц (Франц) (1870 - 1948) |
|
| 464 | 0 |
_12001#$aПесня Мартина с хором$e("Мартин-рудокоп")$fК. Целлер _150000$aМартин-рудокоп$iПесня Мартина с хором$bЗвукозапись$lоперетта$rмеццо-сопрано$rоркестр$rхор _1700#1$9z01790$aЦеллер$bК.$gКарл$f1842-1898$4230$7ca _1790#1$9z01700$aZeller$bC.$gCarl Adam Johann Nepomuk$f1842-1898$4230$7ba _tПесня Мартина с хором _aЦеллер, Карл (1842-1898) |
|
| 464 | 0 |
_12001#$aДуэт Ганны и Данилы$e("Весёлая вдова")$fФ. Легар$gпартия Данилы: И. Морозов, баритон _150000$aВесёлая вдова$iДуэт Ганны и Данилы$bЗвукозапись$lоперетта$rбаритон$rмеццо-сопрано$rоркестр _1701#1$9z01790$aЛегар$bФ.$gФеренц (Франц)$f1870 - 1948$4230$7ca _1702#1$9z02790$aМорозов$bИ. А.$gИгорь Анатольевич$cбаритон$f1948-$4590$4vbr$7ca _1790#1$9z02702$aMorozov$bI.$gIgor`$cbaritone$f1948-$4590$4vbr$7ba _1790#1$9z01701$aLehár$bF.$gFranz$f1870-1948$4230$7ba _tДуэт Ганны и Данилы |
|
| 464 | 0 |
_12001#$aДуэт Саффи и Баринкая$e("Цыганский барон")$fИ. Штраус$gпартия Баринкая: И. Морозов, баритон _150000$aЦыганский барон$iДуэт Саффи и Баринкая$bЗвукозапись$lоперетта$rбаритон$rмеццо-сопрано$rоркестр _1700#1$9z01790$aШтраус (сын)$bИ.$gИоганн$f1825-1899$4230$7ca _1702#1$9z02790$aМорозов$bИ. А.$gИгорь Анатольевич$cбаритон$f1948-$4590$4vbr$7ca _1790#1$9z01700$aStrauß$bJ.$gJohann$f1825-1899$4230$7ba _1790#1$9z02702$aMorozov$bI.$gIgor`$cbaritone$f1948-$4590$4vbr$7ba _tДуэт Саффи и Баринкая _aШтраус (сын), Иоганн (1825-1899) |
|
| 464 | 0 |
_12001#$aСцена и песня Ганны с хором$e("Весёлая вдова")$fФ. Легар _150000$aВесёлая вдова$iСцена и песня Ганны с хором$bЗвукозапись$lоперетта$rмеццо-сопрано$rоркестр$rхор _1700#1$9z01790$aЛегар$bФ.$gФеренц (Франц)$f1870 - 1948$4230$7ca _1790#1$9z01700$aLehár$bF.$gFranz$f1870-1948$4230$7ba _tСцена и песня Ганны с хором _aЛегар, Ференц (Франц) (1870 - 1948) |
|
| 464 | 0 |
_12001#$aПесня Адама с хором$e("Продавец птиц")$fК. Целлер _150000$aПродавец птиц$iПесня Адама с хором$bЗвукозапись$lоперетта$rмеццо-сопрано$rоркестр$rхор _1700#1$9z01790$aЦеллер$bК.$gКарл$f1842-1898$4230$7ca _1790#1$9z01700$aZeller$bC.$gCarl Adam Johann Nepomuk$f1842-1898$4230$7ba _tПесня Адама с хором _aЦеллер, Карл (1842-1898) |
|
| 464 | 0 |
_12001#$aДуэт Анжели и Рене$e("Граф Люксембург", № 11)$fФ. Легар$gпартия баритона: И. Морозов _150000$aГраф Люксембург$iДуэт Анжели и Рене № 11$bЗвукозапись$lоперетта$rбаритон$rмеццо-сопрано$rоркестр _1700#1$9z01790$aЛегар$bФ.$gФеренц (Франц)$f1870 - 1948$4230$7ca _1702#1$9z02790$aМорозов$bИ. А.$gИгорь Анатольевич$cбаритон$f1948-$4590$4vbr$7ca _1790#1$9z01700$aLehár$bF.$gFranz$f1870-1948$4230$7ba _1790#1$9z02702$aMorozov$bI.$gIgor`$cbaritone$f1948-$4590$4vbr$7ba _tДуэт Анжели и Рене _aЛегар, Ференц (Франц) (1870 - 1948) |
|
| 606 | 1 |
_aМузыка вокальная для меццо-сопрано и оркестра из оперетт австрийская _z19 век _jЗвукозапись _2nlr_sh |
|
| 606 | 1 |
_aДирижёры советские литовские _z20-21 вв. _jЗвукозапись _2nlr_sh |
|
| 606 | 1 |
_aХормейстеры советские и российские _z20-21 вв. _jЗвукозапись _2nlr_sh |
|
| 606 | 1 |
_aХоры смешанные советские и российские _z20-21 вв. _jЗвукозапись _2nlr_sh |
|
| 606 | 1 |
_aОркестры симфонические советские и российские _z20-21 вв. _jЗвукозапись _2nlr_sh |
|
| 686 | 0 | _aЩ943.2, 8(2) | |
| 686 | 0 | _aЩ943.2-073я43(4А) | |
| 686 | 0 | _aЩ973я43(4А) | |
| 700 | 1 |
_9z01790 _aОбразцова _bЕ. В. _cмеццо-сопрано _f1939-2015 _gЕлена Васильевна _4590 _4vms |
|
| 702 | 1 |
_9z03790 _aЖюрайтис _bА. _cдирижёр _f1928-1998 _gАльгис _4250 _7ca |
|
| 702 | 1 |
_9z04790 _aЕрмакова _bЛ. В. _cрук.хора _f1927-2008 _gЛюдмила Владимировна _4250 _7ca |
|
| 712 | 0 | 2 |
_aБольшой симфонический оркестр ЦТ и ВР _4590 _7ba |
| 712 | 0 | 2 |
_aАкадемический большой хор ЦТ и ВР _4590 _7ca |
| 790 | 1 |
_9z01700 _aObrazcova _bE. _cmezzo-soprano _f1939-2015 _gElena _4590 _4vms _7ba |
|
| 790 | 1 |
_9z03702 _aŽiūraitis _bA. _f1928-1998 _gAlgis _4250 _7ba |
|
| 790 | 1 |
_9z04702 _aErmakova _bL. _cchormeister _f1927-2008 _gLjudmila _4250 _7ba |
|
| 801 | 0 |
_aRU _bNLR _c20231221 _gPSBO |
|
| 801 | 1 |
_aRU _bNLR _c20231221 _2rusmarc |
|
| 801 | 2 |
_aRU _bNLR _c20240103 |
|
| 852 |
_aNLR _bМг _j3/8693 _p40644 _t1 |
||
| 942 | _cREC | ||
| 980 | _aNB | ||
| 980 | _aONIZ | ||